[Event "Open"]
[Site "Padron ESP"]
[Date "2002.08.25"]
[Round "4"]
[White "Reinaldo Castineira,R"]
[Black "Hernandez,I PER"]
[Result "1/2-1/2"]
[WhiteElo "2403"]
[BlackElo "2246"]

1.e4 c5 2.Nc3 Nc6 3.Nf3 Nf6 4.d4 cxd4 5.Nxd4 e5 6.Ndb5 d6 7.Bg5 a6 8.Na3 Be6
9.Nc4 Rc8 10.Bxf6 Qxf6 11.Nb6 Rb8 12.Ncd5 Qd8 13.c3 Be7 14.Bc4 O-O 15.a4 Bg5
16.Qe2 Qe8 17.a5 Bd8 18.b4 Kh8 19.Rd1 g6 20.Ba2 Na7 21.O-O Nc8 22.Nc4 Qc6
23.Qd2 b6 24.axb6 Nxb6 25.Qh6 Rg8 26.Ncxb6 Rxb6 27.Nxb6 Bxa2 28.Qd2 Bb3 29.Rb1 Be6
30.Nd5 f5 31.f3 Qc4 32.Rbe1 Rg7 33.Ne3 Qc6 34.Qd3 Bb6 35.Kh1 Bxe3 36.Qxe3 f4
37.Qd2 Bc4 38.Rg1 Rd7 39.g3 d5 40.Qf2 dxe4 41.gxf4 exf3 42.Rd1 e4 43.Rxd7 Qxd7
44.Qc5 Qd5 45.Qf8+ Qg8 46.Qf6+ Qg7 47.Qd8+ Bg8 48.Qe8 f2 49.Rf1 e3 50.Kg2 Qxc3
51.Kf3 Kg7 52.Qxe3 Bd5+ 53.Kxf2 Qb2+ 54.Ke1 Qa1+ 55.Kf2 Qb2+ 56.Ke1 Qa1+
57.Kf2 Qb2+  1/2-1/2

[Event "Hot Summer IM"]
[Site "Tel Aviv ISR"]
[Date "2002.08.25"]
[Round "4"]
[White "Deutsch,E"]
[Black "Dub,Z"]
[Result "1-0"]
[WhiteElo "2241"]
[BlackElo "2293"]

1.e4 c5 2.Nc3 Nc6 3.Bb5 Nd4 4.Bc4 e6 5.Nge2 Ne7 6.Nxd4 cxd4 7.Ne2 Nc6 8.d3 g6
9.Bf4 d5 10.exd5 exd5 11.Bb3 Bg7 12.Qd2 O-O 13.O-O a5 14.a3 a4 15.Ba2 Be6
16.Bh6 Bxh6 17.Qxh6 Qf6 18.f4 Ne7 19.Qg5 Qxg5 20.fxg5 Nf5 21.Rf4 h6 22.gxh6 Rfc8
23.Rc1 Ra5 24.Nxd4 Nxd4 25.Rxd4 Rb5 26.Rb4 Rxb4 27.axb4 Kh7 28.c3 Kxh6 29.d4 a3
30.bxa3 Ra8 31.Bb1 Rxa3 32.Bd3 Kg5 33.Kf2 Bf5 34.Bxf5 Kxf5 35.Ke3 g5 36.Rc2 f6
37.Rf2+ Ke6 38.Kd3 b5 39.h3 Ke7 40.g3 Ra1 41.h4 gxh4 42.gxh4 Ke6 43.Rh2 Rg1
44.h5 Rg3+ 45.Kd2 Rg7 46.h6 Rh7 47.Ke3 Kf7 48.Rh5 Kg6 49.Rxd5 Rxh6 50.Rxb5 Rh3+
51.Kd2 f5 52.Rc5 f4 53.Ke2 Kf6 54.b5 Ke6 55.b6 Rh2+ 56.Kf3 Rb2 57.Kxf4 Rxb6
58.Ke4 Rb1 59.Re5+ Kd6 60.Rh5 Rc1 61.Kd3 Rg1 62.Rh6+ Kc7 63.Kc4 Rg4 64.Kc5 Rg3
65.c4  1-0

[Event "ch-FRA w"]
[Site "Val d'Isere FRA"]
[Date "2002.08.25"]
[Round "7"]
[White "Te Llalemand,R"]
[Black "Marchadour,C"]
[Result "1/2-1/2"]
[WhiteElo "2301"]
[BlackElo "2081"]

1.e4 c5 2.Nc3 Nc6 3.Bb5 e6 4.Bxc6 dxc6 5.d3 e5 6.Be3 Nf6 7.h3 Bd6 8.Nf3 O-O
9.O-O b5 10.Nd2 Be6 11.f4 exf4 12.Bxf4 Bxf4 13.Rxf4 Qd6 14.Rf2 Rad8 15.Qe2 Nd7
16.Raf1 Ne5 17.Qh5 c4 18.dxc4 Nxc4 19.Nf3 Qe7 20.b3 Nb6 21.Ne2 Nd7 22.Ned4 Qc5
23.Qh4 h6 24.Kh1 Ne5 25.Nxe5 Rxd4 26.Nd3 Qd6 27.Re2 c5 28.Qh5 c4 29.Nf4 Rd1
30.Rf2 Rxf1+ 31.Rxf1 cxb3 32.cxb3 a6 33.Qf3 Rd8 34.Nh5 Qd3 35.Qf4 Rd4 36.Ng3 Qd2
37.Qe5 Rd3 38.Nf5 Bxf5 39.Qxf5 Rd7 40.Rf2 Qc1+ 41.Rf1 Qd2 42.Qe5 Qd6 43.Qf5 Qe6
44.Qf4 Re7 45.Re1 Qe5 46.Qc1 f5 47.Qc8+ Kh7 48.Qxa6 fxe4 49.a4 bxa4 50.bxa4 e3
51.Qd3+ g6 52.a5 Qf4 53.a6 e2  1/2-1/2

[Event "WY ol"]
[Site "Kuala Lumpur MAS"]
[Date "2002.08.26"]
[Round "9"]
[White "Zdebskaja,N"]
[Black "Nguyen Viet Chung"]
[Result "1-0"]
[WhiteElo "2261"]
[BlackElo "2094"]

1.e4 c5 2.Nf3 Nc6 3.Nc3 g6 4.d4 cxd4 5.Nxd4 Bg7 6.Nb3 Nf6 7.Be2 O-O 8.O-O d6
9.Re1 Be6 10.Bf1 Rc8 11.Bg5 Ne5 12.Nd5 Bxd5 13.exd5 h6 14.Bh4 Qb6 15.c3 Rfe8
16.h3 a6 17.Rb1 Qa7 18.Qd2 Kh7 19.Bg3 Nc4 20.Bxc4 Rxc4 21.Re3 b5 22.Rbe1 Qc7
23.Qd3 a5 24.Nd4 Rc5 25.Nxb5 Qd7 26.c4 Nxd5 27.cxd5 Rxb5 28.Bxd6 Rxb2 29.Bxe7 Qa7
30.d6 Bd4 31.Qc4 Kg7 32.Rf3 f5 33.Bf6+ Kxf6 34.Rxe8 Bxf2+ 35.Kh2 Bg1+ 36.Kh1 Bf2
37.Re6+ Kg7 38.Re7+  1-0

[Event "XIV Open"]
[Site "Porto San Giorgio ITA"]
[Date "2002.08.26"]
[Round "7"]
[White "Rotstein,A"]
[Black "Kohlweyer,B"]
[Result "1-0"]
[WhiteElo "2557"]
[BlackElo "2452"]

1.e4 c5 2.Nf3 Nc6 3.Nc3 g6 4.d4 cxd4 5.Nxd4 Bg7 6.Nde2 Nf6 7.g3 O-O 8.Bg2 d6
9.O-O Rb8 10.a4 a6 11.h3 b5 12.axb5 axb5 13.Nd5 Nd7 14.Ra2 b4 15.b3 Nc5 16.Be3 e6
17.Ndf4 Qe7 18.Qd2 Rd8 19.Nd3 Ba6 20.Bxc5 Bxd3 21.Be3 Bxe2 22.Qxe2 Nd4 23.Qd3 Nb5
24.Ra5 Qe8 25.Bd2 Nc3 26.Bg5 Rd7 27.Rfa1 Nb5 28.e5 Bxe5 29.Bc6 Nd4 30.Bxd7 Qxd7
31.Ra8 Qe8 32.Rxb8 Qxb8 33.Re1 Qb7 34.Re4 Qd5 35.Be3 Ne2+ 36.Kf1 Nc3 37.Qxd5 Nxd5
38.Bd2 Bc3 39.Bxc3 bxc3 40.Rc4 Kf8 41.Ke2 Ke7 42.Kd3 e5 43.Ra4 Ke6 44.Ra5 h5
45.h4 f5 46.f3 f4 47.gxf4 Nxf4+ 48.Kxc3 Ng2 49.Ra4 d5 50.Ra6+ Kf5 51.b4 Nxh4
52.b5 Nxf3 53.b6  1-0

[Event "22nd Open"]
[Site "Bratto ITA"]
[Date "2002.08.27"]
[Round "8"]
[White "Bellia,F"]
[Black "Di Paolo,R"]
[Result "1/2-1/2"]
[WhiteElo "2412"]
[BlackElo "2319"]

1.e4 c5 2.Nf3 Nc6 3.Nc3 Nf6 4.Bb5 g6 5.e5 Ng4 6.Bxc6 dxc6 7.h3 Nh6 8.g4 f5
9.exf6 exf6 10.Qe2+ Be7 11.d4 Nf7 12.dxc5 O-O 13.Be3 Re8 14.Qc4 Bf8 15.Rd1 Qe7
16.O-O Be6 17.Qa4 f5 18.g5 f4 19.Qxf4 Bxh3 20.Rfe1 Qe6 21.Qg3 Rad8 22.Rxd8 Rxd8
23.Bf4 Qg4 24.Ne4 Qxg3+ 25.fxg3 Bf5 26.b4 a5 27.a3 axb4 28.axb4 Bg7 29.Kg2 Rd7
30.Nf6+ Bxf6 31.gxf6 Kf8 32.c3 h6 33.Nd4 Bg4 34.Ne6+ Kg8 35.Nd4 Kf8 36.Ne6+ Kg8
37.Nd4  1/2-1/2

[Event "ch-Arab"]
[Site "Casablanca MAR"]
[Date "2002.08.27"]
[Round "2"]
[White "Al Zendani,Z"]
[Black "Al Sayed,Mohamad"]
[Result "0-1"]
[WhiteElo "2289"]
[BlackElo "2405"]

1.e4 c5 2.Nf3 Nc6 3.Nc3 g6 4.d4 cxd4 5.Nxd4 Bg7 6.Be3 Nf6 7.Be2 O-O 8.O-O d5
9.Nxc6 bxc6 10.e5 Nd7 11.f4 e6 12.Na4 Qa5 13.c3 Ba6 14.Bxa6 Qxa6 15.Nc5 Nxc5
16.Bxc5 Rfc8 17.Rf2 Bf8 18.Bxf8 Kxf8 19.Qg4 Qb6 20.Qh4 h5 21.Re1 Qd8 22.Qh3 Rab8
23.g4 hxg4 24.Qxg4 Qe7 25.h4 Ke8 26.h5 gxh5 27.Qxh5 Kd7 28.f5 Rh8 29.Qf3 Qg5+
30.Kf1 Qxf5 31.Qe3 Qg4 32.Rxf7+ Ke8  0-1

[Event "XIV Open"]
[Site "Porto San Giorgio ITA"]
[Date "2002.08.27"]
[Round "8"]
[White "Sebastianelli,Da"]
[Black "Karr,JP"]
[Result "1/2-1/2"]
[WhiteElo "2221"]
[BlackElo "2404"]

1.e4 c5 2.Nc3 Nc6 3.Nf3 g6 4.d4 cxd4 5.Nxd4 Bg7 6.Be3 Nf6 7.Bc4 O-O 8.f3 d6
9.Bb3 Bd7 10.Qd2 Rc8 11.O-O-O Ne5 12.h4 Nc4 13.Bxc4 Rxc4 14.Kb1 Qa5 15.Nb3 Qa6
16.Bh6 Bxh6 17.Qxh6 Rxc3 18.bxc3 Rc8 19.h5 Qb5 20.hxg6 fxg6 21.g4 Qe5 22.Qd2 a5
23.Qd4 Qb5 24.a4 Qxa4 25.Qxa4 Bxa4 26.Kb2 b6 27.Rd4 Be8 28.Re1 Nd7 29.f4 g5
30.e5 gxf4 31.exd6 e5 32.Rdd1 Rc6 33.Nc1 Kg7 34.Ne2 Rc4 35.Nd4 Kf6 36.Nf3 Rc5
37.Rd2 Bg6 38.Rde2 e4 39.Rxe4 Bxe4 40.Rxe4 Rd5 41.Rxf4+ Ke6 42.c4 Rxd6 43.Ng5+ Ke5
44.Rf5+ Kd4 45.Rf4+ Ke3 46.Re4+ Kf2 47.Re7 Nf6 48.Nxh7 Nxg4 49.Ng5  1/2-1/2

[Event "XIV Open"]
[Site "Porto San Giorgio ITA"]
[Date "2002.08.27"]
[Round "8"]
[White "Colovic,A"]
[Black "Tomescu,V"]
[Result "1/2-1/2"]
[WhiteElo "2362"]
[BlackElo "2438"]

1.e4 c5 2.Nc3 Nc6 3.Nge2 d6 4.g3 g6 5.Bg2 Bg7 6.O-O e6 7.a3 Nge7 8.Rb1 b6
9.b4 Bb7 10.d3 O-O 11.b5 Nd4 12.Nxd4 Bxd4 13.Ne2 Bg7 14.c4 Qd7 15.Bb2 Rfd8
16.Bxg7 Kxg7 17.d4 cxd4 18.Qxd4+ e5 19.Qd3 Qc7 20.Rfc1 Qc5 21.a4 a5 22.Nc3 Rac8
23.Nd1 Ng8 24.Ne3 Nf6 25.Rd1 Rc7 26.Rbc1 Rcc8 27.Rc3 Qc7 28.Rdc1 Qe7 29.Nd5 Bxd5
30.cxd5 Rc5 31.Rxc5 dxc5 32.f4 Ne8 33.Qc3 f6 34.Re1 Qd6 35.Rf1 Qe7 36.h4 Nd6
37.Qe3 Re8 38.Re1 h6 39.Qf2 g5 40.hxg5 hxg5 41.fxg5 fxg5 42.Bh3 Rh8 43.Bf5 Qf6
44.Qg2 Qh6 45.Bg4 Kf6 46.Be6 Ke7 47.Bg4 Nc4 48.Re2 Nd6 49.Qf3 Rf8 50.Qc3 Qf6
51.Bf5 Kd8 52.Qe3 Ke7 53.g4 Rh8 54.Rh2 Rxh2 55.Kxh2 Qh6+ 56.Kg2 Ne8 57.Qf3 Kd6
58.Bc8 Qf6 59.Bf5 Kc7 60.Qh3 Qg7 61.Qh2 Nd6 62.Qh5 c4 63.Kf3 Kb7 64.Ke2 Qe7
65.Qh8 c3 66.Kd1 c2+ 67.Kxc2 Nxf5 68.gxf5 Qc5+  1/2-1/2

[Event "ch-Arab"]
[Site "Casablanca MAR"]
[Date "2002.08.28"]
[Round "3"]
[White "Tissir,M"]
[Black "Adnani,M"]
[Result "1/2-1/2"]
[WhiteElo "2376"]
[BlackElo "2256"]

1.e4 c5 2.Nc3 Nc6 3.Bb5 Na5 4.Nf3 a6 5.Be2 e6 6.d4 cxd4 7.Nxd4 Qc7 8.O-O Nf6
9.Re1 Be7 10.e5 Qxe5 11.Bxa6 Qb8 12.Bd3 Nc6 13.Ndb5 h6 14.Qf3 O-O 15.Qh3 Nb4
16.Re3 Nxd3 17.cxd3 Kh7 18.d4 d6 19.Rg3 Rg8 20.Qh4 Bd7 21.Bg5 Bd8 22.a4 b6
23.Re1 Ne8 24.Bxd8 Qxd8 25.Qf4 Bxb5 26.axb5 Ra7 27.Ne4 d5 28.Nc3 Nf6 29.Qd2 Qa8
30.h3 Kh8 31.Rge3 Rc8 32.g4 Ra1 33.Rxa1 Qxa1+ 34.Re1 Qa5 35.Qf4 Ne4 36.Qxf7  1/2-1/2

[Event "TCh-BIH"]
[Site "Neum BIH"]
[Date "2002.08.28"]
[Round "7"]
[White "Rasidovic,S"]
[Black "Muratovic,Ef"]
[Result "1-0"]
[WhiteElo "2262"]
[BlackElo "2336"]

1.e4 c5 2.Nc3 Nc6 3.Bb5 g6 4.Bxc6 bxc6 5.d3 Bg7 6.f4 d6 7.Nf3 Nf6 8.O-O O-O
9.Qe1 Nd7 10.b3 Nb6 11.Bb2 c4 12.d4 a5 13.Qh4 a4 14.e5 Bf5 15.Ne4 d5 16.Ng3 Bxc2
17.Ba3 Re8 18.f5 axb3 19.axb3 h6 20.fxg6 fxg6 21.bxc4 dxc4 22.Qg4 Qd5 23.Ne2 Bf5
24.Qh4 Qe4 25.Qf2 Qd3 26.Nf4 Qb3 27.Nd2 Qb5 28.g4 Bc2 29.Ne6 Rf8 30.Nxf8 Rxf8
31.Qg3 Nd5 32.Rxf8+ Bxf8 33.Nf1 Bd3 34.Bc1 Kh7 35.Qf2 Bg7 36.Ng3 Qb3 37.Qd2 Qb6
38.Qf2 c3 39.g5 h5 40.Kg2 c5 41.Qf3 Qc6 42.Kf2 Bc4 43.Nxh5 gxh5 44.Qxh5+ Kg8
45.g6 Qc8 46.Kg3 Nf6 47.exf6 exf6 48.Qh7+ Kf8 49.Bh6 Qc7+ 50.Bf4 Qc6 51.Ra7  1-0

[Event "ch-Arab"]
[Site "Casablanca MAR"]
[Date "2002.08.29"]
[Round "4"]
[White "Tissir,M"]
[Black "Hamdouchi,H"]
[Result "1/2-1/2"]
[WhiteElo "2376"]
[BlackElo "2570"]

1.e4 c5 2.Nc3 Nc6 3.Bb5 d6 4.Nf3 e5 5.Nd5 a6 6.Bd3 Nce7 7.Nxe7 Bxe7 8.c3 Nf6
9.Bc2 O-O 10.O-O Bg4 11.h3 Bh5 12.d3 Rc8 13.Qe2 Ne8 14.Rd1 Kh8 15.g4 Bg6
16.d4 Qc7 17.d5 Qd7 18.Ne1 h6 19.Ng2 Bg5 20.Bxg5 hxg5 21.f3 Kg8 22.Qd2 Qd8
23.Kf2 Nf6 24.Rh1 Nh7  1/2-1/2

[Event "Open"]
[Site "Padron ESP"]
[Date "2002.08.29"]
[Round "8"]
[White "Reinaldo Castineira,R"]
[Black "Penalonga Sweers,A"]
[Result "1-0"]
[WhiteElo "2403"]
[BlackElo "2050"]

1.e4 c5 2.Nc3 Nc6 3.Nf3 Nf6 4.d4 cxd4 5.Nxd4 e5 6.Ndb5 d6 7.Bg5 a6 8.Na3 b5
9.Bxf6 gxf6 10.Nd5 f5 11.c3 Bg7 12.exf5 Bxf5 13.Nc2 O-O 14.Nce3 Be6 15.Bd3 f5
16.O-O Ne7 17.Nxe7+ Qxe7 18.Bxf5 Bf7 19.Qd3 h6 20.Be4 Rad8 21.Bd5 Kh8 22.Bxf7 e4
23.Qd5 Rxf7 24.Nf5 Qd7 25.Nxg7 Rxg7 26.Qxe4 d5 27.Qh4 Kh7 28.Rfe1 Rdg8 29.g3 Rf7
30.Qd4 Rgf8 31.Re2 Qf5 32.Rae1 Kg8 33.f4 Qd7 34.Re6  1-0

[Event "Kaissa I"]
[Site "Alushta UKR"]
[Date "2002.09.01"]
[Round "1"]
[White "Kalygin,S"]
[Black "Murashko,V"]
[Result "1-0"]
[WhiteElo "2468"]
[BlackElo "2385"]

1.e4 c5 2.Nf3 Nc6 3.Nc3 g6 4.d4 cxd4 5.Nxd4 Bg7 6.Nb3 Nf6 7.Be2 O-O 8.O-O a5
9.a4 d6 10.Bg5 Be6 11.Kh1 Rc8 12.f4 Nb4 13.Nd4 Bc4 14.Ndb5 Nd7 15.Nxd6 Bxe2
16.Qxe2 Rxc3 17.bxc3  1-0

[Event "Poyntner Mem GM"]
[Site "St Poelten AUT"]
[Date "2002.09.05"]
[Round "1"]
[White "Stanec,N"]
[Black "Hoelzl,F"]
[Result "1-0"]
[WhiteElo "2523"]
[BlackElo "2393"]

1.e4 c5 2.Nc3 Nc6 3.Nf3 d6 4.d4 cxd4 5.Nxd4 Nf6 6.Bg5 e6 7.Qd2 Qb6 8.Nb3 a6
9.a4 Na5 10.Nxa5 Qxa5 11.Bd3 Be7 12.O-O h6 13.Be3 Ng4 14.Bf4 g5 15.Bg3 h5
16.f3 Ne5 17.Bf2 Bd7 18.Kh1 Rc8 19.Qe2 h4 20.Ra3 Qc7 21.h3 Ng6 22.Bd4 Rg8
23.Qf2 Bc6 24.Raa1 Nf4 25.Rfe1 Qd7 26.Bf1 d5 27.e5 Bb4 28.a5 Bxc3 29.bxc3 Bb5
30.Bxb5 Qxb5 31.Reb1 Qd7 32.Rb3 Qe7 33.Rab1 Rc7 34.Bb6 Rc8 35.Ba7 Qc7 36.Rxb7 Qxc3
37.Rb8  1-0

[Event "5th Pyramiden-Franken Cup"]
[Site "Fuerth GER"]
[Date "2002.09.06"]
[Round "7"]
[White "Landa,K"]
[Black "Meins,G"]
[Result "1-0"]
[WhiteElo "2621"]
[BlackElo "2416"]

1.e4 c5 2.Nf3 Nc6 3.Nc3 d6 4.d4 cxd4 5.Nxd4 Nf6 6.Bg5 e6 7.Qd2 Be7 8.O-O-O Nxd4
9.Qxd4 O-O 10.f3 Bd7 11.Qd2 Bc6 12.Bd3 Qc7 13.Ne2 Rfd8 14.Nd4 h6 15.Be3 e5
16.Nf5 Bf8 17.Qf2 d5 18.Qg3 dxe4 19.fxe4 Kh7 20.Qh4 Rac8 21.Kb1 Ng8 22.g4 Bb5
23.Qf2 Bxd3 24.cxd3 Bc5 25.g5 g6 26.Bxc5 Qxc5 27.Ne3 Rd7 28.h4 h5 29.Rc1 Qf8
30.Nd5 b6 31.Rxc8 Qxc8 32.Rc1 Qd8 33.Rc6 Kg7 34.Qh2 Rxd5 35.exd5 Qxd5 36.Rc7 Qxd3+
37.Qc2 Qd6 38.Rxa7 Ne7 39.a3 Qe6 40.Ra4 f5 41.gxf6+ Kxf6 42.Qe4 g5 43.Rb4 g4
44.Ka1 Nd5 45.Rb3 Ke7 46.a4 Kd6 47.Rd3 Qf7 48.Qb4+ Ke6 49.Qb3 Qf1+ 50.Rd1 Qf3
51.Qc2 Kd6 52.Qg6+ Kd7 53.Qg7+ Kd6 54.Qg6+ Ke7 55.Re1 Qf4 56.Qc6 Qd4 57.Qc2 Kd6
58.Rd1  1-0

[Event "Kaissa I"]
[Site "Alushta UKR"]
[Date "2002.09.09"]
[Round "11"]
[White "Kaiumov,D"]
[Black "Agamaliev,G"]
[Result "1/2-1/2"]
[WhiteElo "2460"]
[BlackElo "2489"]

1.e4 c5 2.Nf3 Nc6 3.Nc3 Nf6 4.Bb5 Nd4 5.e5 Nxb5 6.Nxb5 Nd5 7.c4 Nc7 8.Nxc7+ Qxc7
9.d4 cxd4 10.Qxd4 b6 11.Bf4 e6 12.O-O Bb7 13.Qd3 Qc6 14.Rfd1 Be7 15.a3 a5
16.Be3 h5 17.Rac1 h4 18.h3 Rh5  1/2-1/2

[Event "TCh-CRO"]
[Site "Medulin CRO"]
[Date "2002.09.09"]
[Round "1"]
[White "Kutuzovic,B"]
[Black "Jankovic,A"]
[Result "0-1"]
[WhiteElo "2398"]
[BlackElo "2299"]

1.e4 c5 2.Nf3 Nc6 3.Nc3 d6 4.d4 cxd4 5.Nxd4 Nf6 6.Bg5 e6 7.Qd2 a6 8.O-O-O Bd7
9.f4 Be7 10.Nf3 b5 11.Bxf6 gxf6 12.Bd3 b4 13.Ne2 Qb6 14.Kb1 O-O-O 15.Ned4 Nxd4
16.Nxd4 Kb8 17.Bc4 Bc8 18.f5 d5 19.exd5 exd5 20.Be2 Bb7 21.Bh5 Rhf8 22.Rhe1 Bc5
23.Re3 Rd7 24.Rd3 Re8 25.Bf3 a5 26.Qf4+ Bd6 27.Qh4 Be5 28.Qf2 Rc8 29.g3 Rc4
30.b3 Rc8 31.Qg2 Qc5 32.R3d2 Rdc7 33.Qf2 Ba6 34.Qg1 Qc3 35.Bxd5 Rd8 36.Be4 Rxd4
37.Rxd4 Rd7 38.Qe1 Rxd4  0-1

[Event "Poyntner Mem IM"]
[Site "St Poelten AUT"]
[Date "2002.09.09"]
[Round "3"]
[White "Videki,S"]
[Black "Miniboeck,G"]
[Result "1-0"]
[WhiteElo "2441"]
[BlackElo "2348"]

1.e4 c5 2.Nc3 Nc6 3.Bb5 Nd4 4.Bc4 e6 5.Nf3 Ne7 6.Nxd4 cxd4 7.Ne2 Nc6 8.O-O g6
9.f4 d5 10.exd5 exd5 11.Bd3 f5 12.a3 a5 13.Qe1 Kf7 14.Qf2 Qf6 15.b3 Bc5 16.Bb2 Re8
17.Rfe1 b6 18.Bb5 Ba6 19.Bxc6 Qxc6 20.d3 Qf6 21.Nxd4 Rxe1+ 22.Rxe1 Re8 23.Kf1 Rxe1+
24.Kxe1 b5 25.Kd1 Bb7 26.Qe3 a4 27.b4 Bb6 28.Bc3 h6 29.Qf2 Ba8 30.Ke2 Bb7
31.Kf1 Bxd4 32.Bxd4 Qe6 33.Qh4 h5 34.Qd8 Bc6 35.Qh8 Bd7 36.Kf2 Bc6 37.Be5 d4
38.Qg7+ Ke8 39.Bxd4 Kd8 40.Bf6+ Kc8 41.Be5 Bd7 42.Qf8+ Kb7 43.Qb8+ Ka6 44.Bd4  1-0

[Event "7th WUCC Men"]
[Site "Ulaanbaatar MON"]
[Date "2002.09.12"]
[Round "2"]
[White "Soltanici,R"]
[Black "Iskusnyh,S"]
[Result "0-1"]
[WhiteElo "2426"]
[BlackElo "2485"]

1.e4 c5 2.Nf3 Nc6 3.Nc3 d6 4.d4 cxd4 5.Nxd4 Nf6 6.Bg5 e6 7.Qd2 Qb6 8.Nb3 a6
9.f3 Be7 10.O-O-O O-O 11.g4 Qc7 12.Be3 b5 13.g5 Nd7 14.Kb1 Nce5 15.f4 Nc4
16.Bxc4 bxc4 17.Nc1 Re8 18.h4 Rb8 19.N1e2 Nc5 20.Qd4 Qa5 21.Bc1 Bf8 22.Qe3 Bb7
23.Rh3 d5 24.e5 Ne4 25.Nxe4 dxe4 26.c3 Red8 27.Nd4 Rd5 28.h5 Qa4 29.Rd2 Ra5
30.a3 Bd5 31.Ka1 g6 32.Rhh2 Qd7 33.Nc2 Qb7 34.Nb4 Bxb4 35.cxb4 Qxb4 36.hxg6 fxg6
37.Rh3 Qe7 38.Qd4 Rab5 39.Rc3 R8b7 40.Rh2 Qf8 41.Be3 Rb3 42.Rhc2 R3b5 43.Rh2 Rb3
44.Rhc2 Qe7 45.Rxb3 Rxb3 46.Rc3 Rb7 47.Qc5 Qxc5 48.Bxc5 Kg7 49.Kb1 Rf7 50.Be3 Rf5
51.Rc1 h5 52.gxh6+ Kxh6 53.Rg1 Kg7 54.Kc2  0-1

[Event "Imre Konig Mem"]
[Site "San Francisco USA"]
[Date "2002.09.15"]
[Round "9"]
[White "De Firmian,N"]
[Black "Browne,W"]
[Result "1-0"]
[WhiteElo "2551"]
[BlackElo "2492"]

1.e4 c5 2.Nf3 Nc6 3.Nc3 e5 4.Bc4 Be7 5.d3 d6 6.Nd2 Bg5 7.h4 Bxd2+ 8.Bxd2 Nf6
9.a3 h6 10.Nd5 O-O 11.b4 Nxd5 12.Bxd5 Be6 13.Bxc6 bxc6 14.bxc5 dxc5 15.Bc3 f6
16.Qe2 Qd6 17.O-O Rf7 18.Rfd1 Rd8 19.Qe3 g5 20.f3 Rfd7 21.Kf2 Kg7 22.g3 Rg8
23.Rh1 c4 24.Rad1 cxd3 25.Rxd3 Qc7 26.Rxd7+ Bxd7 27.hxg5 hxg5 28.Bb4 a5 29.Bc5 Qb8
30.Qd2 Be6 31.Qxa5 Rh8 32.Rxh8 Qxh8 33.Kg1 Qh3 34.Qe1 g4 35.Qf2 gxf3 36.Qxf3 Bg4
37.Qd3 Qh5 38.a4 Be2 39.Qd7+ Kg6 40.Bf8 Qg5 41.Kg2  1-0

[Event "VI Pablo Gorbea Mem"]
[Site "Madrid ESP"]
[Date "2002.09.17"]
[Round "2"]
[White "Fernandez Garcia,I"]
[Black "Sprenger,J"]
[Result "0-1"]
[WhiteElo "2089"]
[BlackElo "2426"]

1.e4 c5 2.Nf3 Nc6 3.Nc3 e5 4.d3 Nf6 5.Bg5 Be7 6.Bxf6 Bxf6 7.Nd5 d6 8.c3 Be6
9.Nd2 O-O 10.g3 Bxd5 11.exd5 Ne7 12.Bg2 Bg5 13.O-O f5 14.c4 Bf6 15.Rb1 a5
16.a4 Qd7 17.b3 g6 18.Bh3 h5 19.Bg2 h4 20.f4 hxg3 21.fxe5 gxh2+ 22.Kh1 dxe5
23.Rf3 g5 24.Rh3 g4 25.Rxh2 Kg7 26.Kg1 Rh8 27.Rxh8 Rxh8 28.Kf2 Ng6 29.Qf1 Nf4
30.Ke1 Rh2  0-1

[Event "Autumn I"]
[Site "Alushta UKR"]
[Date "2002.09.18"]
[Round "6"]
[White "Livshits,G"]
[Black "Selin,O"]
[Result "0-1"]
[WhiteElo "2380"]
[BlackElo "2432"]

1.e4 c5 2.Nc3 Nc6 3.Nge2 d6 4.d4 cxd4 5.Nxd4 Nf6 6.g3 Bg4 7.f3 Nxd4 8.Qxd4 Bd7
9.Be3 g6 10.O-O-O Bg7 11.Qd2 O-O 12.Kb1 Rc8 13.Bd4 Bc6 14.h4 h5 15.g4 e6
16.gxh5 Nxh5 17.Bxg7 Kxg7 18.Bh3 Qf6 19.Bg4 Rh8 20.Qxd6 Rcd8 21.Qc7 Rxd1+
22.Rxd1 Nf4 23.a3 Rxh4 24.Rd6 g5 25.Qa5 a6 26.Qc5 Ng6 27.Qb4 Qe5 28.Ne2 a5
29.Qd2 Rh1+ 30.Ka2 Bd5+ 31.exd5 Qxd6 32.Qc3+ Qe5 33.dxe6 Qxc3 34.Nxc3 fxe6
35.Bxe6 Rf1 36.Bd5 b6 37.Ne2 Rf2 38.Nd4 Kf6 39.Be4 Nh4 40.Bc6 Ke5 41.c3 Nf5
42.Nb5 a4 43.Ka1 Nd6 44.Nd4 Nc4 45.Bxa4 Nxb2 46.Bc6 Nd1 47.Nb5 Kf4 48.Kb1 Ne3
49.Nd4 Nc4 50.Ne6+ Kf5 51.Nd4+ Ke5 52.a4 Kd6 53.Kc1 Ne3 54.Be8 Nd5 55.Nb5+ Kc5
56.Nd4 Nf4 57.Bb5 Rg2 58.Nb3+ Kd5 59.Nd2 Ne6 60.Nc4 Kc5 61.Nd2 Nc7 62.Bf1 Rh2
63.Bd3 Nd5 64.Ne4+ Kc6 65.Bb5+ Kc7 66.c4 Ne3 67.Nxg5 Kd6 68.Ne4+ Ke5 69.Kb1 Kd4
70.Nd6 Kc3 71.Ne4+ Kb4 72.Kc1 Rc2+ 73.Kb1 Rh2 74.Kc1  0-1

[Event "VI Pablo Gorbea Mem"]
[Site "Madrid ESP"]
[Date "2002.09.18"]
[Round "3"]
[White "Durao,J"]
[Black "Martinez Martin,D"]
[Result "0-1"]
[WhiteElo "2173"]
[BlackElo "2348"]

1.e4 c5 2.Nc3 Nc6 3.Nf3 g6 4.d4 cxd4 5.Nxd4 Bg7 6.Be3 d6 7.Be2 Nf6 8.O-O O-O
9.Nb3 Be6 10.f4 Rc8 11.f5 Bd7 12.g4 Ne5 13.Nd2 Rxc3 14.bxc3 Bc6 15.Bf3 d5
16.exd5 Nxd5 17.Bd4 Nxc3 18.Bxc3 Qb6+ 19.Kg2 Nxf3 20.Nxf3 Bxc3 21.Rb1 Qa5
22.Qe2 gxf5 23.gxf5 Qxf5 24.Qd3 Qa5 25.Rb3 Bf6 26.Kf2 Rd8 27.Qc4 Qf5 28.Rg1+ Kf8
29.Rd3 Rd4 30.Qb3 Qf4 31.Rg3 Rxd3 32.Qxd3 Bh4 33.Qd8+ Be8 34.Qa5 Bxg3+ 35.hxg3 Qc4
36.Qf5 Ba4 37.Ne1 Qxa2 38.Qc8+ Be8 39.Qxb7 Qa5 40.Qe4 f5 41.Qd4 Qb6 42.Qxb6 axb6
43.Ke3 e5  0-1

[Event "Autumn I"]
[Site "Alushta UKR"]
[Date "2002.09.20"]
[Round "8"]
[White "Yagupov,I"]
[Black "Kurnosov,I"]
[Result "1/2-1/2"]
[WhiteElo "2460"]
[BlackElo "2433"]

1.e4 c5 2.Nf3 Nc6 3.Nc3 e5 4.Bc4 Be7 5.d3 d6 6.Nd2 Nf6 7.Nf1 Bg4 8.f3 Be6
9.Ne3 O-O 10.O-O a6 11.a3 Nd7 12.Ned5 Bg5 13.Kh1 Rc8 14.Ba2 Kh8 15.f4 exf4
16.Nxf4 Bxa2 17.Rxa2 Nb6 18.Nfd5  1/2-1/2

[Event "VI Pablo Gorbea Mem"]
[Site "Madrid ESP"]
[Date "2002.09.20"]
[Round "5"]
[White "Durao,J"]
[Black "San Emeterio Cabanes,J"]
[Result "0-1"]
[WhiteElo "2173"]
[BlackElo "2318"]

1.e4 c5 2.Nf3 Nc6 3.Nc3 e5 4.Bc4 Be7 5.d3 d6 6.Nd5 Nf6 7.c3 O-O 8.O-O Kh8
9.Nxe7 Qxe7 10.Bg5 h6 11.Bh4 Be6 12.Qe2 g5 13.Bg3 Bxc4 14.dxc4 Nd8 15.h4 Ne6
16.hxg5 hxg5 17.Rfd1 Kg7 18.Rd2 Rh8 19.Rad1 Rad8 20.Kf1 Nf4 21.Bxf4 exf4
22.e5 Ng4  0-1

[Event "Autumn I"]
[Site "Alushta UKR"]
[Date "2002.09.21"]
[Round "10"]
[White "Livshits,G"]
[Black "Potapov,A1"]
[Result "1/2-1/2"]
[WhiteElo "2380"]
[BlackElo "2515"]

1.e4 c5 2.Nc3 Nc6 3.Nge2 d6 4.d4 cxd4 5.Nxd4 Nf6 6.g3 g6 7.Bg2 Nxd4 8.Qxd4 Bg7
9.O-O O-O 10.Qb4 a5 11.Qb5 Qc7 12.a4 Bd7 13.Qb3 Be6 14.Nd5 Nxd5 15.exd5 Bf5
16.c3 Rfc8 17.Re1 Bf6 18.Bf1 b6 19.h3 h5 20.Be3 Rab8 21.Rad1 e5 22.dxe6 Bxe6
23.Qc2 Be5 24.Bd4 Re8 25.f4 Bf5 26.Qf2 Bxd4 27.Rxe8+ Rxe8 28.Qxd4 Re6 29.Bg2 Qc5
30.Kf1 Kf8 31.Rd2 Ke7 32.Kf2 Be4 33.Bf1 h4 34.g4 Bc6 35.Qxc5 bxc5 36.b3 d5
37.Bg2 Rd6 38.Bf3 Kf6 39.Re2 d4 40.cxd4 cxd4 41.Bxc6 Rxc6 42.Rd2 Rd6 43.Kf3 Ke6
44.Ke4 f5+ 45.gxf5+ gxf5+ 46.Kd3 Rb6 47.Re2+ Kf6 48.Rc2 Rxb3+ 49.Kxd4 Rxh3
50.Rc6+ Kg7 51.Ke5 Rg3 52.Kxf5 h3 53.Rc7+ Kh6 54.Rc6+  1/2-1/2

[Event "Autumn I"]
[Site "Alushta UKR"]
[Date "2002.09.22"]
[Round "11"]
[White "Solovjov,S"]
[Black "Yagupov,I"]
[Result "1/2-1/2"]
[WhiteElo "2457"]
[BlackElo "2460"]

1.e4 c5 2.Nc3 Nc6 3.Nge2 e5 4.Nd5 Nce7 5.Nec3 Nxd5 6.Nxd5 Nf6 7.Nxf6+ Qxf6
8.Bc4 Be7 9.O-O O-O 10.d3 d6 11.Bd5 Rb8 12.Be3 Qg6 13.Qd2 Be6 14.c4 b5 15.Bxe6  1/2-1/2

[Event "ECC"]
[Site "Halkidiki GRE"]
[Date "2002.09.23"]
[Round "2"]
[White "Atlas,V"]
[Black "Tiviakov,S"]
[Result "0-1"]
[WhiteElo "2501"]
[BlackElo "2628"]

1.e4 c5 2.Nf3 Nc6 3.Nc3 g6 4.d4 cxd4 5.Nxd4 Bg7 6.Nde2 Nf6 7.g3 b5 8.Bg2 Rb8
9.O-O O-O 10.Nd5 d6 11.c3 b4 12.cxb4 Nxb4 13.a3 Nbxd5 14.exd5 Bb7 15.Nc3 Qd7
16.Re1 Rfc8 17.Be3 Ba8 18.Rb1 a5 19.h3 Qb7 20.g4 Nd7 21.Bd4 e5 22.Be3 Nb6
23.a4 Nc4 24.Nb5 Nxe3 25.Rxe3 Qb6 26.Rc3 Rxc3 27.bxc3 Qc5 28.c4 Rf8 29.g5 f6
30.gxf6 Bxf6 31.Qg4 Be7 32.Qe6+ Rf7 33.Nc3 Kg7 34.Nd1 Qxc4 35.Ne3 Qe2 36.Kh1 Bf8
37.Ng4 h5 38.Nh2 Rxf2 39.Rg1 Rxg2 40.Rxg2 Qd1+ 41.Nf1 Qxf1+ 42.Kh2 Qf7 43.Qxf7+ Kxf7
44.Rb2 Bh6 45.Rb8 Bxd5 46.Rb5 Bf4+ 47.Kg1 Be3+ 48.Kh2 Bc6 49.Rxa5 Ke6 50.Ra6 Kd7  0-1

[Event "VI Pablo Gorbea Mem"]
[Site "Madrid ESP"]
[Date "2002.09.23"]
[Round "8"]
[White "Alonso,S"]
[Black "Valles Moreno,I"]
[Result "1-0"]
[WhiteElo "2445"]
[BlackElo "2294"]

1.e4 c5 2.Nf3 Nc6 3.Nc3 Nf6 4.d4 cxd4 5.Nxd4 e5 6.Ndb5 d6 7.Bg5 a6 8.Na3 Be6
9.Nc4 Rc8 10.Bxf6 Qxf6 11.Ne3 g6 12.Bd3 Qd8 13.O-O Bh6 14.Ncd5 O-O 15.c3 Kh8
16.Bc2 Ne7 17.Bb3 Nxd5 18.Nxd5 Rc5 19.Qd3 f5 20.Rad1 f4 21.f3 a5 22.Rf2 Rg8
23.Bc4 b5 24.Bxb5 g5 25.b4 Rc8 26.h3 Bf8 27.Bc4 Rg6 28.bxa5 Qxa5 29.Bb3 Qc5
30.Nb4 Bd7 31.Rd2 h5 32.Qd5 Be8 33.Bd1 Qa7 34.Qb3 Rb8 35.Rb2 Be7 36.Qc2 d5
37.exd5 Bc5 38.Qf5 Qg7 39.Re2 e4 40.Qxe4 Qxc3 41.Nc6 Ra8 42.Kh2 Bxf2 43.Rxf2 Qe3
44.Qd4+ Qxd4 45.Nxd4 Ba4 46.Bxa4 Rxa4 47.Ne6 Ra6 48.h4 g4 49.fxg4 hxg4 50.Rxf4 Rxa2
51.Rd4 g3+ 52.Kh3 Ra5 53.d6  1-0